Veinte años de inmigración en España : perspectivas jurídica y sociológica [1985 - 2004] / Eliseo Aja y Joaquín Arango (eds.) perspectivas jurídica y sociológica [1985 - 2004] / Eliseo Aja y Joaquín Arango (eds.)
ISBN:
84-87072-62-3
Descripción Física:
410 p. ; 22 cm
MARC
| LEADER | 00000nam a2200000Ia 4500 | ||
|---|---|---|---|
| 001 | 19525 | ||
| 008 | 160829s2006 xx 000 0 cat d | ||
| 020 | |a 84-87072-62-3 | ||
| 080 | |a M-5-451 | ||
| 245 | |a Veinte años de inmigración en España : |b perspectivas jurídica y sociológica [1985 - 2004] / Eliseo Aja y Joaquín Arango (eds.) | ||
| 260 | |a Barcelona : |b Fundació CIDOB, |c 2006 | ||
| 300 | |a 410 p. ; |c 22 cm | ||
| 590 | |a Bibliografia | ||
| 650 | 0 | |a Emigració i immigració |x Dret i legislació |9 28030 | |
| 650 | |a Estrangers |x Espanya |9 28031 | ||
| 650 | |a Emigració i immigració |x Aspectes socials |9 43164 | ||
| 700 | 1 | |a Aja, Eliseo |e director editorial |9 44635 | |
| 700 | |a Arango, Joaquín |e director editorial |9 57010 | ||
| 710 | 2 | |a Centre d'Informació i Documentació Internacionals a Barcelona (CIDOB) |9 52934 | |
| 901 | |a Arxiu | ||
| 942 | |n 1 |2 udc | ||
| 952 | |0 0 |1 0 |4 0 |6 M5451 |7 1 |9 44641 |a Arxiu |b Arxiu |d 2016-12-01 |l 0 |o M-5-451 |p 19525 |r 2016-12-01 00:00:00 |w 2016-12-01 |y ARXIU | ||
| 999 | |c 47222 |d 47222 | ||